000 00645cam a2200205 a 4500
020 _a0471085472
040 _cDLC
082 0 0 _a632 MET 1982 C165 Or.
245 0 0 _aIntroduction to insect pest management /
250 _a2nd ed.
260 _aNew York :
_bWiley,
_cc1982.
300 _axiv, 577 p. :
_bill. ;
_c24 cm.
500 _a"A Wiley-Interscience publication."
650 0 _aInsect pests
700 1 _aMetcalf, Robert L.
700 1 _aLuckmann, William Henry,
856 4 2 _uhttp://www.loc.gov/catdir/enhancements/fy0608/82004794-d.html
856 4 1 _uhttp://www.loc.gov/catdir/enhancements/fy0608/82004794-t.html
942 _cAEDBB
999 _c19336
_d19336